000 00576nam a2200229Ia 4500
003 OSt
005 20221005130757.0
006 a|||||r|||| 00| 0
007 ta
008 221004b |||||||| |||| 00| 0 kan d
024 _a59747
037 _cTextual
040 _aCRL
_cCRL
_bkan
041 _2kan
_akan
082 _aO33:g, K6
100 _aChidanandamurthy M Au.
_9638650
245 0 _aSamshodhana taranga
260 _c1966
650 _aKANNAD LITERATURE
942 _hO33:g, K6
_cTEXL
_2cc
999 _c1058386
_d1058386